00717cam a22002171 450000100060000000300080000600500170001400800410003103500190007204000320009104100080012308200180013110000310014924500980018026000750027830000290035350400410038265100270042365100220045070000270047223344BD-RjUL20211209000923.0140310s1967 enk b 000 0 eng d a(BD-RjUL)23409 aDLCcDLCdDLCdBD-RjULbeng aeng00a828bOCB 19671 aO'Casey, Sean,d1880-1964.10aBlasts and benedictions : cselected and introduced by Ronald Ayling.barticles and stories / aLondon ;aMelbourne ,bMacmillan;aNew York :bSt. Martin's P.,c1967. axx, 314 p. ;c20 1/2 cm. aBibliographical footnotes. and Index 0aIrelandxCivilization. 0aIrelandxFiction.1 aAyling, Ronald,d1932-